Calculus / (Record no. 304)

MARC details
000 -LEADER
fixed length control field 00506nam a22001817a 4500
005 - DATE AND TIME OF LATEST TRANSACTION
control field 20230529062255.0
008 - FIXED-LENGTH DATA ELEMENTS--GENERAL INFORMATION
fixed length control field 221203b |||||||| |||| 00| 0 eng d
020 ## - INTERNATIONAL STANDARD BOOK NUMBER
International Standard Book Number 978-981-48-3969-3
082 ## - DEWEY DECIMAL CLASSIFICATION NUMBER
Classification number 515 L334 2019
100 ## - MAIN ENTRY--PERSONAL NAME
Personal name Larson, Ron
Relator term author
245 ## - TITLE STATEMENT
Title Calculus /
Statement of responsibility, etc. Ron Larson, and Bruce H. Edwards
250 ## - EDITION STATEMENT
Edition statement 11th ed.
260 ## - PUBLICATION, DISTRIBUTION, ETC.
Place of publication, distribution, etc. Singapore:
Name of publisher, distributor, etc. Cengage Learning Asia,
Date of publication, distribution, etc. c2019.
300 ## - PHYSICAL DESCRIPTION
Extent xiii, [1048]p.;
Other physical details ill.
541 ## - IMMEDIATE SOURCE OF ACQUISITION NOTE
Accession number 6553
650 ## - SUBJECT ADDED ENTRY--TOPICAL TERM
Topical term or geographic name entry element Calculus
700 ## - ADDED ENTRY--PERSONAL NAME
Personal name Edwards, Bruce H.
Relator term author
Holdings
Withdrawn status Lost status Source of classification or shelving scheme Damaged status Not for loan Home library Current library Date acquired Total Checkouts Full call number Barcode Date last seen Date last checked out Copy number Price effective from Koha item type
    Dewey Decimal Classification     ctu-moalboal ctu-moalboal 12/17/2020 1 515 L334 2019 6553 01/13/2026 01/13/2026 1 12/03/2022 Books-Reference